Statistics for HBO Original Series

Click here to take the quiz!

General Stats

  • This quiz has been taken 123 times
  • The average score is 10 of 20

Answer Stats

Synopsis HBO Original Series % Correct
Several prominent families vie over the realm... all while murdering, being naked, and riding dragonsGame of Thrones
98%
Mobster breathes heavily as he balances his work and familyThe Sopranos
79%
Sexy vampires are discriminated against in the deep southTrue Blood
75%
Individuals deal with several legal and illegal institutions in Baltimore, MarylandThe Wire
70%
A big business bootlegger runs Atlantic City in the 1920'sBoardwalk Empire
63%
A family run funeral home and the people around itSix Feet Under
61%
Four women get together and babble about pointless, inane subjectsSex and the City
61%
Foul mouthed saloonkeeper and newly appointed sheriff squabble over control in the American frontierDeadwood
59%
Movie star playboy and friends pick up women and hug their agentEntourage
57%
Lots of prison rapeOz
55%
Fundamentalist Mormon has three honey do listsBig Love
45%
Neurotic man casually strolls about LA to everyone else's detrimentCurb Your Enthusiasm
43%
Two Kiwis write songs about business and binary code and struggle to adjust to life in NYCFlight of the Conchords
40%
Wisecracking corpse puppet tells spooky storiesTales from the Crypt
29%
A man with a gift desides to share the wealth with the women of Detroit... for a fee of courseHung
29%
Hillbilly ex-ballplayer refuses to conform to social normsEast Bound & Down
28%
Fictional late night talk show host looks a lot like Garry ShandlingThe Larry Sanders Show
27%
Local community of musicians band together after a natural disasterTreme
26%
Documents the lives of professional football playersHard Knocks
25%
Strange, unknown man goes surfingJohn from Cincinnati
18%

Score Distribution

Percentile by Number Answered

Percent of People with Each Score

Your Score History

You have not taken this quiz